000
00245nam a22001097a 4500
082
_a
004
100
_a
Choubeyh,Santosh
_9
83802
245
_a
Data Structure Through C++
260
_a
Bhopal
_b
Aisect
_c
2024
650
_a
Computer
942
_c
C. BOOKS
999
_c
68787
_d
68787